02190njm a2200577 i 450000100060000000300090000600500170001500700150003200800410004702000150008802000150010304000360011804100080015404600090016208000150017108000120018610000550019824500490025326000400030230001190034233600390046133600360050033700230053633700260055933700630058533800320064833800360068038000110071638800140072749000590074150000420080050000740084250000950091650500730101160000430108464800140112765000260114165500280116765500300119565500260122565500260125165500210127765500100129870000470130870000420135571000530139783000580145094200120150899900170152095200750153734980KOSZ 00520220822090008.0sd fsngnnmmned061010s2005 pl munn i 000 0 d a8360004315 a8360004064 cKOSZ 005aKOSZ 005dKOSZ 005/AR0 apol k2005 a785(47+57) a(086.7)1 aRimski-Korsakow, Nikołajd(1844-1908)eKompozytor10aRimski-Korsakow /cNikołaj Rimski-Korsakow. aWarszawa :bMediasat Poland,c2005. a1 płyta CD (72 min 50 s) :bzapis cyfrowy, stereo ;c12 cm +e1 dodatek : 43 strony : ilustracje ; 13 cm x 14 cm. 2rdacontentaNagranie muzycznebprm 2rdacontent3DodatekaTekstbtxt 2rdamediaaAudiobs 2rdamediaaKomputerbc 2rdamedia3DodatekaBez urządzenia pośredniczącegobn 2rdacarrieraPłyta audiobd 2rdacarrier3DodatekaWoluminbc aMuzyka a1801-19001 aBiblioteka Gazety Wyborczej. Wielcy Kompozytorzy ;v25 aTekst komentarza: Wojciech Marchwica. aWykonanie: Royal Philharmonic Orchestra ; Barry Wordsworth, dyrygent. aNagranie: Kościół Wszystkich Świętych, Petersham, Surrey, październik 1993 rok. aSzecherezada - suita symfoniczna op. 35, Kaprys hiszpański op. 34.17aRimski-Korsakow, Nikołajd(1844-1908) a1801-1900 9aKompozytorzy rosyjscy 7aDokumenty dźwiękowe 7aEtiuda (utwór muzyczny) 7aMuzyka instrumentalna 7aMuzyka na orkiestrę 7aMuzyka poważna 7aSuita1 aMarchwica, Wojciech MariaeTekstd(1958- )1 aWordsworth, BarryeDyrygentd(1948- ) 0aRoyal Philharmonic Orchestra (Londyn)eWykonanie 0aBiblioteka Gazety Wyborczej.pWielcy Kompozytorzyv25 cCD2UKD c34980d34980 00104071aBPKbBPKccg14.90oCD 1352p00336222t0/9(0.034.2) DeyCD